PRESTACIONES y servicios para personas con minusvalía en los paises de la CE : Informe final del Seminario del Grupo RI/CEC, celebrado en Madrid los días 17 y 18 de noviembre de 1988 (Record no. 8423)
[ view plain ]
| 000 -CABECERA | |
|---|---|
| campo de control de longitud fija | 00773cam a22002172a 4500 |
| 001 - NÚMERO DE CONTROL | |
| campo de control | 002591 |
| 003 - IDENTIFICADOR DEL NÚMERO DE CONTROL | |
| campo de control | AR-FADEU |
| 008 - DATOS DE LONGITUD FIJA--INFORMACIÓN GENERAL | |
| campo de control de longitud fija | 311216n1989####xxu####################dd |
| 092 ## - ASIGNACIÓN LOCAL DE SIGNATURA TOPOGRÁFICA DEWEY (OCLC) | |
| Número de clasificación | 362.4 |
| Número de documento/Ítem | P936 |
| 245 ## - MENCIÓN DE TÍTULO | |
| Título | PRESTACIONES y servicios para personas con minusvalía en los paises de la CE : Informe final del Seminario del Grupo RI/CEC, celebrado en Madrid los días 17 y 18 de noviembre de 1988 |
| 260 ## - PUBLICACIÓN, DISTRIBUCIÓN, ETC. (PIE DE IMPRENTA) | |
| Lugar de publicación, distribución, etc. | Madrid |
| 260 ## - PUBLICACIÓN, DISTRIBUCIÓN, ETC. (PIE DE IMPRENTA) | |
| Nombre del editor, distribuidor, etc. | INSERSO |
| 260 ## - PUBLICACIÓN, DISTRIBUCIÓN, ETC. (PIE DE IMPRENTA) | |
| Fecha de publicación, distribución, etc. | 1989 |
| 300 ## - DESCRIPCIÓN FÍSICA | |
| Extensión | 371 p |
| 440 ## - MENCIÓN DE SERIE/PUNTO DE ACCESO ADICIONAL--TÍTULO | |
| Título | Rehabilitación |
| 500 ## - NOTA GENERAL | |
| Nota general | Contiene cuadros demostrativos y direcciónes de los organismos participantes en el seminario |
| 546 ## - NOTA DE LENGUA/LENGUAJE | |
| Nota de lengua/lenguaje | Inglés |
| 546 ## - NOTA DE LENGUA/LENGUAJE | |
| Nota de lengua/lenguaje | Francés-Español |
| 650 ## - PUNTO DE ACCESO ADICIONAL DE MATERIA--TÉRMINO DE MATERIA | |
| Término de materia o nombre geográfico como elemento inicial | EUROPA-POLITICAS SOCIALES; DISCAPACIDAD; DEFICIENCIA; MINUSVALIA |
| 942 ## - ELEMENTOS DE PUNTO DE ACCESO ADICIONAL (KOHA) | |
| Tipo de ítem Koha | BDGR |
| Estado de retiro | Estado de pérdida | Estado dañado | No para préstamo | Localización permanente | Ubicación/localización actual | Fecha de adquisición | Número de inventario | Total de préstamos | Signatura topográfica completa | Código de barras | Fecha visto por última vez | Precio válido a partir de | Tipo de ítem Koha |
|---|---|---|---|---|---|---|---|---|---|---|---|---|---|
| Biblioteca Ernesto Sabato - FADECS - UNCOMA | Biblioteca Ernesto Sabato - FADECS - UNCOMA | 21/02/2017 | 9440 | 362.4 P936 | 9440 | 21/02/2017 | 21/02/2017 | BDGR |